El Bon mot : parlar bé no costa res parlar bé no costa res
Descripción Física:
1 exemplar ; 32 cm
Materias:
Català -- Ús -- Revistes
Idioma:
Catalán
MARC
| LEADER | 00000nas a2200000Ia 4500 | ||
|---|---|---|---|
| 003 | Arxiu | ||
| 005 | 20260324180141.0 | ||
| 008 | 160829d1919 sp x p cat c | ||
| 040 | |a AGDB | ||
| 080 | |a Revistes | ||
| 245 | 0 | 3 | |a El Bon mot : |b parlar bé no costa res |
| 260 | |a Palma : |b Tip. La Esperanza, |c 1919- | ||
| 300 | |a 1 exemplar ; |c 32 cm | ||
| 546 | |a Textos en català i en castellà | ||
| 590 | |a Periodicitat desconeguda. | ||
| 590 | |a Descripció basada en: Núm. 25 (juny 1919). | ||
| 590 | |a El núm. 25 prové de 3745, exp. 81 | ||
| 650 | |a Català |x Ús |x Revistes |9 47885 | ||
| 710 | 2 | |9 56295 |a Liga Espiritual Contra el Mal Hablar |e entitat editora | |
| 752 | |a Catalunya |b Barcelona (Província) |c Barcelonès |d Barcelona | ||
| 866 | |a Any 3, 1919 (25) | ||
| 901 | |a Arxiu | ||
| 942 | |n 1 |2 udc |c REV | ||
| 952 | |0 0 |1 0 |4 0 |6 REV2091 |7 1 |9 54174 |a Arxiu |b Arxiu |d 2023-04-25 |h Núm. 25 (juny 1919) |o Rev-2091 |p 27765 |r 2016-12-01 00:00:00 |w 2023-04-25 |y ARXIU | ||
| 999 | |c 58043 |d 58043 | ||